[Event "George Trundle NZ Qualifiers 2017"]
[Site "Auckland, NZL"]
[Date "2017.10.02"]
[Round "3.1"]
[White "Nicholls, Leighton"]
[Black "James, Jack"]
[Result "0-1"]
[BlackElo "2062"]
[WhiteElo "1902"]
[LiveChessVersion "1.4.8"]

1. e4 {[%clk 1:30:56]} e5 {[%clk 1:30:06]} 2. Nf3 {[%clk 1:31:18]} d6
{[%clk 1:30:30]} 3. d4 {[%clk 1:31:42]} Nf6 {[%clk 1:30:54]} 4. dxe5
{[%clk 1:30:52]} Nxe4 {[%clk 1:31:17]} 5. Bc4 {[%clk 1:29:33]} c6
{[%clk 1:30:28]} 6. O-O {[%clk 1:27:54]} d5 {[%clk 1:30:37]} 7. Bd3
{[%clk 1:26:26]} Nc5 {[%clk 1:30:52]} 8. Be2 {[%clk 1:23:38]} Be7
{[%clk 1:26:09]} 9. c4 {[%clk 1:17:38]} dxc4 {[%clk 1:22:54]} 10. Bxc4
{[%clk 1:16:59]} Be6 {[%clk 1:21:38]} 11. Bxe6 {[%clk 1:14:13]} Nxe6
{[%clk 1:21:54]} 12. Nc3 {[%clk 1:11:55]} O-O {[%clk 1:21:11]} 13. Qxd8
{[%clk 1:04:26]} Rxd8 {[%clk 1:21:34]} 14. Be3 {[%clk 1:04:46]} Nd7
{[%clk 1:16:41]} 15. Rfd1 {[%clk 0:58:40]} Ndc5 {[%clk 1:03:46]} 16. Kf1
{[%clk 0:52:58]} Kf8 {[%clk 1:02:54]} 17. Ke2 {[%clk 0:50:20]} a5
{[%clk 1:02:24]} 18. a4 {[%clk 0:49:08]} Ra6 {[%clk 0:49:54]} 19. Nd4
{[%clk 0:36:46]} Nxd4+ {[%clk 0:46:11]} 20. Rxd4 {[%clk 0:36:34]} Rxd4
{[%clk 0:39:56]} 21. Bxd4 {[%clk 0:37:01]} Nb3 {[%clk 0:40:20]} 22. Rd1
{[%clk 0:37:14]} Bc5 {[%clk 0:40:40]} 23. Be3 {[%clk 0:31:35]} Rb6
{[%clk 0:31:20]} 24. Ne4 {[%clk 0:27:19]} Bxe3 {[%clk 0:31:25]} 25. Kxe3
{[%clk 0:26:51]} Rb4 {[%clk 0:28:03]} 26. Rd8+ {[%clk 0:23:41]} Ke7
{[%clk 0:28:27]} 27. Rb8 {[%clk 0:23:55]} b5 {[%clk 0:20:39]} 28. axb5
{[%clk 0:23:46]} Rxb5 {[%clk 0:16:48]} 29. Rxb5 {[%clk 0:21:56]} cxb5
{[%clk 0:17:13]} 30. f4 {[%clk 0:20:23]} a4 {[%clk 0:11:56]} 31. Nc3
{[%clk 0:18:29]} Na5 {[%clk 0:11:58]} 32. Kd4 {[%clk 0:16:02]} f6
{[%clk 0:10:25]} 33. Nxb5 {[%clk 0:13:26]} fxe5+ {[%clk 0:10:44]} 34. fxe5
{[%clk 0:13:37]} Nc6+ {[%clk 0:09:02]} 35. Ke4 {[%clk 0:11:59]} Na5
{[%clk 0:07:30]} 36. Nc3 {[%clk 0:10:57]} a3 {[%clk 0:07:40]} 37. bxa3
{[%clk 0:10:56]} Nc4 {[%clk 0:08:01]} 38. a4 {[%clk 0:10:23]} Ke6
{[%clk 0:08:03]} 39. Kd4 {[%clk 0:10:03]} Nxe5 {[%clk 0:08:25]} 40. Kc5
{[%clk 0:39:55]} Kd7 {[%clk 0:37:25]} 41. a5 {[%clk 0:34:23]} Kc7
{[%clk 0:34:23]} 42. a6 {[%clk 0:31:17]} Nd3+ {[%clk 0:31:43]} 43. Kb5
{[%clk 0:29:20]} Ne5 {[%clk 0:31:02]} 44. Na4 {[%clk 0:20:29]} g5
{[%clk 0:28:30]} 45. Nc5 {[%clk 0:18:15]} Kb8 {[%clk 0:28:40]} 46. Ne6
{[%clk 0:16:56]} g4 {[%clk 0:26:42]} 47. Nd4 {[%clk 0:17:17]} Ka8
{[%clk 0:25:49]} 48. Nc6 {[%clk 0:15:56]} Nd7 {[%clk 0:24:16]} 49. Kc4
{[%clk 0:12:20]} h5 {[%clk 0:19:34]} 50. Kd5 {[%clk 0:12:05]} h4 {[%clk 0:19:10]}
51. Ke6 {[%clk 0:10:09]} Nf6 {[%clk 0:15:55]} 52. Kf5 {[%clk 0:08:43]} g3
{[%clk 0:14:40]} 53. h3 {[%clk 0:07:36]} Ng4 {[%clk 0:13:30]} 54. hxg4
{[%clk 0:04:51]} h3 {[%clk 0:13:52]} 55. gxh3 {[%clk 0:04:06]} g2
{[%clk 0:14:16]} 56. g5 {[%clk 0:04:29]} g1=Q {[%clk 0:14:36]} 57. Ne5
{[%clk 0:03:18]} Qg3 {[%clk 0:11:22]} 58. g6 {[%clk 0:02:50]} Qxh3+
{[%clk 0:11:43]} 59. Kf6 {[%clk 0:02:55]} Qh4+ {[%clk 0:11:43]} 60. Kf7
{[%clk 0:02:23]} Qf4+ {[%clk 0:11:54]} 61. Ke6 {[%clk 0:02:50]} Qg5
{[%clk 0:11:48]} 62. Kf7 {[%clk 0:01:05]} Qxe5 {[%clk 0:11:58]} 63. g7
{[%clk 0:01:32]} Qf5+ {[%clk 0:12:13]} 64. Ke8 {[%clk 0:01:31]} Qg6+
{[%clk 0:12:29]} 65. Kf8 {[%clk 0:01:53]} Qf6+ {[%clk 0:12:53]} 66. Kg8
{[%clk 0:02:16]} Ka7 {[%clk 0:12:31]} 67. Kh7 {[%clk 0:02:33]} Qf7
{[%clk 0:12:37]} 68. Kh8 {[%clk 0:02:49]} Qh5+ {[%clk 0:13:02]} 69. Kg8
{[%clk 0:03:13]} Kxa6 0-1

[Event "George Trundle NZ Qualifiers 2017"]
[Site "Auckland, NZL"]
[Date "2017.10.02"]
[Round "3.2"]
[White "Fan, Allen Chi Zhou"]
[Black "Morrell, Gordon"]
[Result "1/2-1/2"]
[BlackElo "2030"]
[WhiteElo "2077"]
[LiveChessVersion "1.4.8"]

1. Nf3 {[%clk 1:30:53]} c5 {[%clk 1:30:44]} 2. g3 {[%clk 1:31:11]} Nc6
{[%clk 1:31:00]} 3. Bg2 {[%clk 1:31:32]} e5 {[%clk 1:29:51]} 4. d3
{[%clk 1:31:54]} d5 {[%clk 1:26:12]} 5. O-O {[%clk 1:32:11]} Be7 {[%clk 1:24:31]}
6. c3 {[%clk 1:18:22]} Nf6 {[%clk 1:14:27]} 7. Nbd2 {[%clk 1:18:20]} O-O
{[%clk 1:03:02]} 8. e4 {[%clk 1:13:43]} d4 {[%clk 0:56:02]} 9. cxd4
{[%clk 1:10:33]} cxd4 {[%clk 0:56:20]} 10. a3 {[%clk 1:08:17]} Bg4
{[%clk 0:53:15]} 11. h3 {[%clk 1:06:36]} Bh5 {[%clk 0:46:40]} 12. Kh1
{[%clk 0:52:00]} Nd7 {[%clk 0:45:33]} 13. g4 {[%clk 0:47:53]} Bg6
{[%clk 0:45:50]} 14. Rg1 {[%clk 0:47:45]} a5 {[%clk 0:37:06]} 15. Nf1
{[%clk 0:43:49]} Nc5 {[%clk 0:31:47]} 16. Ng3 {[%clk 0:42:16]} a4
{[%clk 0:24:37]} 17. Nf5 {[%clk 0:40:47]} Re8 {[%clk 0:21:50]} 18. Nxe7+
{[%clk 0:37:40]} Qxe7 {[%clk 0:21:48]} 19. Qe2 {[%clk 0:33:06]} Nb3
{[%clk 0:10:39]} 20. Rb1 {[%clk 0:33:23]} Nd8 {[%clk 0:07:56]} 21. Bg5
{[%clk 0:30:17]} f6 {[%clk 0:07:35]} 22. Bh4 {[%clk 0:29:24]} Rc8
{[%clk 0:06:27]} 23. Bg3 {[%clk 0:23:12]} Ne6 {[%clk 0:05:54]} 24. Nh4
{[%clk 0:22:55]} Bf7 {[%clk 0:05:26]} 25. Nf5 {[%clk 0:18:08]} Qf8
{[%clk 0:05:43]} 26. Bf3 {[%clk 0:13:56]} Kh8 {[%clk 0:04:14]} 27. Nh4
{[%clk 0:12:45]} Ng5 {[%clk 0:04:02]} 28. Bg2 {[%clk 0:13:02]} Ne6
{[%clk 0:04:01]} 29. Bf1 {[%clk 0:08:51]} Rc6 {[%clk 0:02:45]} 30. f3
{[%clk 0:04:35]} Rec8 {[%clk 0:02:39]} 31. Qh2 {[%clk 0:04:08]} Rc2
{[%clk 0:02:32]} 32. Rg2 {[%clk 0:03:52]} Rxg2 {[%clk 0:02:36]} 33. Qxg2
{[%clk 0:03:34]} Qc5 {[%clk 0:02:16]} 34. Re1 {[%clk 0:02:54]} Qc2
{[%clk 0:02:21]} 35. Nf5 {[%clk 0:02:46]} Qc5 {[%clk 0:01:48]} 36. Be2
{[%clk 0:02:21]} g6 {[%clk 0:01:55]} 37. Bh4 {[%clk 0:02:18]} Ng5
{[%clk 0:02:08]} 38. Ng3 {[%clk 0:02:11]} Qc2 {[%clk 0:01:38]} 39. Bd1
{[%clk 0:01:25]} Qxg2+ {[%clk 0:01:46]} 40. Kxg2 {[%clk 0:31:51]} Kg7
{[%clk 0:31:32]} 41. Bxg5 {[%clk 0:18:21]} fxg5 {[%clk 0:31:03]} 42. Ne2
{[%clk 0:16:14]} Nc5 {[%clk 0:27:16]} 43. Bc2 {[%clk 0:12:44]} b5
{[%clk 0:25:01]} 44. Bb1 {[%clk 0:12:34]} Ne6 {[%clk 0:24:14]} 45. Kf2
{[%clk 0:11:29]} Kf6 {[%clk 0:21:48]} 46. Rh1 {[%clk 0:09:43]} h5
{[%clk 0:16:37]} 47. Ke1 {[%clk 0:08:37]} Nf4 {[%clk 0:13:59]} 48. Kd2
{[%clk 0:08:35]} Ng2 {[%clk 0:09:05]} 49. Rc1 {[%clk 0:04:39]} Rxc1
{[%clk 0:08:48]} 50. Kxc1 {[%clk 0:05:02]} Nf4 {[%clk 0:09:00]} 51. Ng1
{[%clk 0:05:04]} Ke7 {[%clk 0:08:12]} 52. Kd2 {[%clk 0:04:54]} Kd6
{[%clk 0:08:26]} 53. Kc2 {[%clk 0:04:23]} Kc5 {[%clk 0:08:29]} 54. Kd2
{[%clk 0:04:42]} Bb3 {[%clk 0:07:03]} 55. Bc2 {[%clk 0:03:59]} Bxc2
{[%clk 0:04:46]} 56. Kxc2 {[%clk 0:04:24]} b4 {[%clk 0:04:54]} 57. Kd2
{[%clk 0:03:43]} h4 {[%clk 0:04:43]} 58. Kc2 {[%clk 0:02:56]} b3+
{[%clk 0:04:34]} 59. Kd2 {[%clk 0:03:22]} Kd6 {[%clk 0:04:45]} 60. Ne2
{[%clk 0:03:14]} Nxh3 {[%clk 0:05:06]} 61. Ke1 {[%clk 0:03:11]} Ke6
{[%clk 0:03:03]} 62. Kf1 {[%clk 0:03:24]} Kf6 {[%clk 0:02:30]} 63. Kg2
{[%clk 0:03:31]} Nf4+ {[%clk 0:02:43]} 64. Nxf4 {[%clk 0:03:54]} gxf4
{[%clk 0:03:00]} 65. Kh3 {[%clk 0:03:18]} 1/2-1/2

[Event "George Trundle NZ Qualifiers 2017"]
[Site "Auckland, NZL"]
[Date "2017.10.02"]
[Round "3.3"]
[White "Zhang, Jasmine Haomo"]
[Black "Nyberg, Michael"]
[Result "0-1"]
[BlackElo "1881"]
[WhiteElo "1826"]
[LiveChessVersion "1.4.8"]

1. d4 {[%clk 1:30:58]} d5 {[%clk 1:30:44]} 2. Nf3 {[%clk 1:30:55]} Nf6
{[%clk 1:30:56]} 3. Bf4 {[%clk 1:30:59]} e6 {[%clk 1:30:33]} 4. e3
{[%clk 1:31:24]} Nbd7 {[%clk 1:30:21]} 5. Nbd2 {[%clk 1:31:32]} b6
{[%clk 1:26:45]} 6. c3 {[%clk 1:31:07]} Bb7 {[%clk 1:26:56]} 7. Bd3
{[%clk 1:31:09]} Be7 {[%clk 1:23:40]} 8. Qe2 {[%clk 1:30:47]} c5 {[%clk 1:20:32]}
9. h3 {[%clk 1:26:34]} Rc8 {[%clk 1:18:37]} 10. O-O {[%clk 1:24:18]} h6
{[%clk 1:14:40]} 11. Rfe1 {[%clk 1:21:52]} O-O {[%clk 1:13:59]} 12. Rad1
{[%clk 1:20:27]} Ne4 {[%clk 1:12:00]} 13. Ne5 {[%clk 1:19:53]} Ndf6
{[%clk 1:07:03]} 14. Nxe4 {[%clk 1:12:58]} dxe4 {[%clk 1:02:07]} 15. Bb5
{[%clk 1:09:33]} Nd5 {[%clk 0:59:08]} 16. dxc5 {[%clk 1:09:30]} bxc5
{[%clk 0:54:22]} 17. c4 {[%clk 0:50:30]} Nxf4 {[%clk 0:53:50]} 18. exf4
{[%clk 0:50:14]} Qa5 {[%clk 0:54:03]} 19. Rd7 {[%clk 0:48:40]} Rc7
{[%clk 0:54:25]} 20. Red1 {[%clk 0:48:29]} Bf6 {[%clk 0:44:46]} 21. Rxc7
{[%clk 0:45:28]} Qxc7 {[%clk 0:45:07]} 22. Nd7 {[%clk 0:43:58]} Rd8
{[%clk 0:44:33]} 23. Nxf6+ {[%clk 0:41:44]} gxf6 {[%clk 0:44:56]} 24. Qg4+
{[%clk 0:42:07]} Kf8 {[%clk 0:45:15]} 25. Rxd8+ {[%clk 0:40:20]} Qxd8
{[%clk 0:45:43]} 26. Qh5 {[%clk 0:40:08]} Qd4 {[%clk 0:42:03]} 27. Qxh6+
{[%clk 0:38:57]} Kg8 {[%clk 0:42:03]} 28. Qh5 {[%clk 0:38:14]} Qxb2
{[%clk 0:41:16]} 29. Qxc5 {[%clk 0:36:12]} Qc1+ {[%clk 0:41:10]} 30. Kh2
{[%clk 0:36:35]} Qxf4+ {[%clk 0:41:26]} 31. Kg1 {[%clk 0:34:26]} a6
{[%clk 0:25:44]} 32. Be8 {[%clk 0:33:14]} e3 {[%clk 0:11:31]} 33. Qxe3
{[%clk 0:28:58]} Qxc4 {[%clk 0:11:55]} 34. Qd2 {[%clk 0:15:30]} Bd5
{[%clk 0:10:02]} 35. Qh6 {[%clk 0:11:37]} Qxa2 {[%clk 0:08:48]} 36. Qxf6
{[%clk 0:11:38]} Qb1+ {[%clk 0:09:11]} 37. Kh2 {[%clk 0:11:54]} Qb8+
{[%clk 0:09:39]} 38. g3 {[%clk 0:10:09]} Qxe8 {[%clk 0:10:04]} 39. Qg5+
{[%clk 0:09:52]} Kf8 {[%clk 0:10:27]} 40. Qh6+ {[%clk 0:39:55]} Ke7
{[%clk 0:40:50]} 41. Qg5+ {[%clk 0:39:21]} Kd7 {[%clk 0:39:59]} 42. Qe3
{[%clk 0:40:28]} Qa8 {[%clk 0:40:00]} 43. Qf4 {[%clk 0:40:32]} f5
{[%clk 0:39:20]} 44. Qe5 {[%clk 0:40:41]} a5 {[%clk 0:39:08]} 45. Qg7+
{[%clk 0:41:02]} Kd6 {[%clk 0:39:29]} 46. f4 {[%clk 0:41:08]} a4 {[%clk 0:37:53]}
47. Qe5+ {[%clk 0:41:20]} Kc5 {[%clk 0:35:57]} 48. Qc3+ {[%clk 0:40:32]} Kb5
{[%clk 0:35:39]} 49. Qb2+ {[%clk 0:40:05]} Bb3 {[%clk 0:36:01]} 50. Qe2+
{[%clk 0:39:56]} Bc4 {[%clk 0:35:31]} 51. Qb2+ {[%clk 0:40:09]} Ka6
{[%clk 0:35:39]} 52. Qb4 {[%clk 0:39:12]} Qc6 {[%clk 0:35:37]} 53. h4
{[%clk 0:39:30]} Bf1 {[%clk 0:35:28]} 0-1

[Event "George Trundle NZ Qualifiers 2017"]
[Site "Auckland, NZL"]
[Date "2017.10.02"]
[Round "3.4"]
[White "Milligan, Helen"]
[Black "Goodhue, Nathan"]
[Result "1/2-1/2"]
[BlackElo "1976"]
[WhiteElo "2007"]
[LiveChessVersion "1.4.8"]

1. e4 {[%clk 1:30:56]} c5 {[%clk 1:23:37]} 2. Nf3 {[%clk 1:31:20]} Nc6
{[%clk 1:23:59]} 3. Bb5 {[%clk 1:31:44]} e5 {[%clk 1:24:08]} 4. Bxc6
{[%clk 1:30:28]} dxc6 {[%clk 1:24:36]} 5. d3 {[%clk 1:30:36]} Bd6
{[%clk 1:24:45]} 6. Nbd2 {[%clk 1:30:36]} f6 {[%clk 1:24:54]} 7. Nc4
{[%clk 1:28:51]} Be6 {[%clk 1:23:35]} 8. Nxd6+ {[%clk 1:28:13]} Qxd6
{[%clk 1:24:02]} 9. Be3 {[%clk 1:28:16]} Ne7 {[%clk 1:21:19]} 10. Qd2
{[%clk 1:26:59]} b6 {[%clk 1:18:11]} 11. a4 {[%clk 1:25:00]} a5 {[%clk 1:16:40]}
12. h3 {[%clk 1:24:02]} O-O-O {[%clk 1:11:08]} 13. O-O-O {[%clk 1:19:23]} Kb7
{[%clk 1:10:38]} 14. Qc3 {[%clk 1:15:10]} h5 {[%clk 1:07:07]} 15. Nd2
{[%clk 1:12:06]} Nc8 {[%clk 1:02:03]} 16. Nc4 {[%clk 1:10:11]} Bxc4
{[%clk 1:00:19]} 17. Qxc4 {[%clk 1:08:55]} Qe7 {[%clk 0:55:49]} 18. f4
{[%clk 1:04:35]} Nd6 {[%clk 0:56:01]} 19. Qb3 {[%clk 1:03:02]} Qf7
{[%clk 0:52:00]} 20. Qxf7+ {[%clk 0:54:40]} Nxf7 {[%clk 0:51:57]} 21. f5
{[%clk 0:54:41]} Nd6 {[%clk 0:51:39]} 22. b3 {[%clk 0:54:09]} Kc7
{[%clk 0:28:28]} 23. g4 {[%clk 0:51:24]} hxg4 {[%clk 0:26:43]} 24. hxg4
{[%clk 0:51:48]} Nf7 {[%clk 0:26:36]} 25. Rdg1 {[%clk 0:49:00]} Rxh1
{[%clk 0:25:34]} 26. Rxh1 {[%clk 0:49:25]} Rh8 {[%clk 0:26:00]} 27. Rxh8
{[%clk 0:49:26]} Nxh8 {[%clk 0:26:28]} 28. g5 {[%clk 0:49:46]} Nf7
{[%clk 0:26:04]} 29. g6 {[%clk 0:50:00]} Nd6 {[%clk 0:26:07]} 30. Kb2
{[%clk 0:45:51]} Ne8 {[%clk 0:25:39]} 31. Ka3 {[%clk 0:44:51]} Kb7
{[%clk 0:24:15]} 32. c3 {[%clk 0:40:27]} Nd6 {[%clk 0:22:46]} 33. Bf2
{[%clk 0:39:59]} Ka6 {[%clk 0:21:38]} 34. Bh4 {[%clk 0:35:54]} Ne8
{[%clk 0:22:07]} 35. b4 {[%clk 0:34:17]} cxb4+ {[%clk 0:20:47]} 36. cxb4
{[%clk 0:34:39]} c5 {[%clk 0:12:18]} 37. b5+ {[%clk 0:32:02]} Kb7
{[%clk 0:12:24]} 38. Kb3 {[%clk 0:32:25]} Kc7 {[%clk 0:12:02]} 39. Kc4
{[%clk 0:32:00]} Kd6 {[%clk 0:10:29]} 40. Be1 {[%clk 1:00:43]} Nc7
{[%clk 0:39:14]} 41. Bf2 {[%clk 0:53:01]} Ne8 {[%clk 0:38:45]} 42. Be3
{[%clk 0:53:20]} Nc7 {[%clk 0:38:00]} 43. Bc1 {[%clk 0:37:45]} 1/2-1/2

[Event "George Trundle NZ Qualifiers 2017"]
[Site "Auckland, NZL"]
[Date "2017.10.02"]
[Round "3.5"]
[White "Polishchuk, Kirill"]
[Black "Macdonald, Paul"]
[Result "1/2-1/2"]
[BlackElo "2033"]
[WhiteElo "2134"]
[LiveChessVersion "1.4.8"]

1. e4 {[%clk 1:30:58]} d6 {[%clk 1:30:55]} 2. d4 {[%clk 1:31:19]} Nf6
{[%clk 1:31:22]} 3. Nc3 {[%clk 1:31:45]} g6 {[%clk 1:31:45]} 4. f4
{[%clk 1:32:09]} Bg7 {[%clk 1:31:42]} 5. Nf3 {[%clk 1:32:35]} O-O
{[%clk 1:32:01]} 6. Bd3 {[%clk 1:32:51]} Na6 {[%clk 1:31:58]} 7. O-O
{[%clk 1:33:15]} c5 {[%clk 1:32:16]} 8. d5 {[%clk 1:33:41]} Bg4 {[%clk 1:32:35]}
9. Bc4 {[%clk 1:34:00]} Nc7 {[%clk 1:32:34]} 10. h3 {[%clk 1:34:16]} Bxf3
{[%clk 1:16:31]} 11. Qxf3 {[%clk 1:34:33]} Nd7 {[%clk 1:14:31]} 12. a4
{[%clk 1:34:20]} Na6 {[%clk 1:06:42]} 13. Nb5 {[%clk 1:22:24]} Nc7
{[%clk 1:04:47]} 14. Nxc7 {[%clk 1:17:10]} Qxc7 {[%clk 1:05:14]} 15. c3
{[%clk 1:16:53]} Rad8 16. Bd2 {[%clk 1:13:43]} Rde8 {[%clk 0:51:10]} 17. Bb5
{[%clk 1:03:12]} e6 {[%clk 0:48:29]} 18. Qg3 {[%clk 0:51:35]} exd5
{[%clk 0:46:42]} 19. exd5 {[%clk 0:50:00]} f5 {[%clk 0:39:00]} 20. a5
{[%clk 0:30:21]} a6 {[%clk 0:38:04]} 21. Ba4 {[%clk 0:30:05]} Re2
{[%clk 0:28:26]} 22. Qd3 {[%clk 0:29:19]} Rfe8 {[%clk 0:28:40]} 23. Rae1
{[%clk 0:29:03]} Rxe1 {[%clk 0:28:04]} 24. Rxe1 {[%clk 0:22:26]} Rxe1+
{[%clk 0:28:26]} 25. Bxe1 {[%clk 0:22:53]} Nf6 {[%clk 0:24:06]} 26. Qe3
{[%clk 0:22:49]} Ne4 {[%clk 0:15:08]} 27. Bc2 {[%clk 0:22:30]} Qe7
{[%clk 0:15:11]} 28. Bxe4 {[%clk 0:21:35]} fxe4 {[%clk 0:15:19]} 29. Bf2
{[%clk 0:19:48]} Bh6 {[%clk 0:14:28]} 30. h4 {[%clk 0:18:57]} Qf7
{[%clk 0:13:42]} 31. Qxe4 {[%clk 0:18:01]} Bxf4 {[%clk 0:14:09]} 32. g4
{[%clk 0:04:49]} Kg7 {[%clk 0:09:03]} 33. Kg2 {[%clk 0:05:01]} Qf6
{[%clk 0:08:36]} 34. Bg3 {[%clk 0:04:19]} Bxg3 {[%clk 0:08:14]} 35. Kxg3
{[%clk 0:04:45]} Kf7 {[%clk 0:07:33]} 36. Qf4 {[%clk 0:04:10]} Qxf4+
{[%clk 0:06:38]} 37. Kxf4 {[%clk 0:04:37]} Kf6 {[%clk 0:04:59]} 38. g5+
{[%clk 0:01:35]} Ke7 {[%clk 0:05:02]} 39. Ke4 {[%clk 0:01:52]} Kd7
{[%clk 0:05:21]} 40. Kd3 {[%clk 0:32:11]} b5 {[%clk 0:31:27]} 41. axb6
{[%clk 0:04:01]} Kc8 {[%clk 0:31:36]} 42. Kc4 {[%clk 0:03:58]} Kb7
{[%clk 0:32:00]} 43. Kb3 {[%clk 0:03:39]} Kxb6 {[%clk 0:32:04]} 44. Ka4
{[%clk 0:03:05]} a5 {[%clk 0:30:22]} 45. c4 {[%clk 0:02:46]} 1/2-1/2